000 00560nam a2200181 i 4500
001 113731
003 ES-MaACL
005 20230906190006.0
007 t|
008 061121s1925 sp |||| | spa d
100 1 _aNoguera López, Julio.
_985877
245 1 4 _aLos boquiabiertos /
_cJulio Noguera López.
260 _aMadrid :
_b[s.n.],
_c1925 (
_fTalleres Poligráficos)
300 _a16 p. ;
_c22 cm.
500 _aPublicado en: Archivos de medicina, cirugía y especialidades.
650 0 4 _aDeficiencia mental.
_911548
852 _aES-MaACL
_j1691-F-13
999 _c113731
_d113731